National trees of countries #1 - Statistics

General Stats
  • This quiz has been taken 19 times
  • The average score is 5 of 15
Answer Stats
Country Tree % Correct
Spain Evergreen oak
88%
United States Oak
88%
France Pedunculate oak
88%
United Kingdom Pedunculate oak
88%
Canada Maple
82%
India Indian banyan
24%
Yemen Dragon blood tree
18%
Israel Olive
18%
Russia Siberian larch
12%
Brazil Brazilwood
6%
Egypt Doum palm
6%
Australia Golden wattle
6%
Indonesia Teak
6%
Republic of the Congo Lombi tree
0%
South Africa Real yellowwood
0%
No matching quizzes found
Score Distribution
Percent of People with Each Score
Percentile by Number Answered
Your Score History
You have not taken this quiz